000
00322nam a22001457a 4500
003
SGT
020
_a
97815-43344-57-8
082
_a
615
_b
VEE
100
_a
VEE, RAMAN
245
_a
A PRACTICAL BOOK OF PHARMACEUTICAL
260
_a
INDIA
_b
PV PUB.
_c
2021
300
_a
192
650
_a
PHARMACEUTICAL
942
_2
ddc
_c
BK
999
_c
32425
_d
32425